LEADER 00942nam a2200205 i 4500 001 000000007307 003 CaOOAMICUS 005 20180830125438.0 008 180830s2003 it u000 u ita u 040 $aSeMil$bita 100 1 $aCanobbio, Giacomo,$d<1945- >.$0(OLS)http://semarc/name/2572 245 13$aLa teologia del 20. secolo :$bun bilancio /$cGiacomo Canobbio, Piero Coda (edd.) 260 $aRoma :$bCittà Nuova,$ccopyr. 2003. 300 $a3 v. ;$c23 cm. 650 4$aTeologia contemporanea.$0(OLS)http://semarc/subject/1194 700 1 $aCoda, Piero,$d<1955- >.$0(OLS)http://semarc/name/325 700 1 $aVorgrimler, Herbert,$d<1929-2014>.$0(OLS)http://semarc/name/2576 773 0 $tBilancio della teologia del 20. secolo.$b[Ed. italiana.$dRoma : Città Nuova, 1972.$w()7306 996 $6245$aLa teologia del 20. secolo :$bun bilancio$9(OLS)http://semarc/title/9798 996 $6260$aRoma :$bCittà Nuova$9(OLS)http://semarc/publisher/29609 LEADER 00915nam a2200229 i 4500 001 000000126701 003 CaOOAMICUS 005 20060310000000.0 008 060310n it u000 u ita u 013 $a99409 040 $aSeMil$bita 245 10$aCaritas: fedeltà e novità :$blinee guida per l'organizzazione e la gestione. 260 $aRoma :$bCaritas Italiana,$c[1999] 300 $a108 p. ;$c21 cm. 500 $aIn cop. : Caritas Italiana. - Fondo Card. C.M. Martini. 650 4$aCaritas.$0(OLS)http://semarc/subject/10548 850 $aSeMil 852 $aSeMil$W1$xVenegono$y1$m2F IV 284$j81058$B81058$CSeMilBibl$Z2$F109672 $81 941 1 $a4 961 $aOmaggio: Martini Card. Carlo Maria 996 $6245$aCaritas: fedeltà e novità :$blinee guida per l'organizzazione e la gestione$9(OLS)http://semarc/title/186871 996 $6260$aRoma :$bCaritas Italiana$9(OLS)http://semarc/publisher/34763